The G.O.A.T.s Of Soccer/Futbol - Statistics

General Stats
  • This quiz has been taken 84 times
  • The average score is 7 of 15
Answer Stats
FIFA Answer % Correct
My Favorite Player Of All Time:) Cristiano Ronaldo
100%
Little Miget Boy From Argentina Lionel Messi
100%
FIFA Pelé
84%
FIFA Diego Maradona
76%
FIFA Neymar Jr.
65%
FIFA Ronaldinho
54%
FIFA Zinedine Zidane
49%
FIFA Kylian Mbappe
38%
FIFA Kaká
29%
FIFA Gerd Muller
21%
FIFA Roberto Carlos
17%
FIFA David Beckham
13%
FIFA Johan Cryuff
8%
FIFA Fernando Torres
0%
FIFA Ronaldo Narzario
0%
No matching quizzes found
Score Distribution
Percent of People with Each Score
Percentile by Number Answered
Your Score History
You have not taken this quiz